000 00986nam a22002415i 4500
001 169539
003 ES-MaACL
005 20250826015651.0
008 081009s1916 sp |||| | spa d
080 _a821.411.21-34
130 4 _aLas mil y una noches.
_lEspañol.
_9122464
245 1 3 _aEl libro de las mil y una noches /
_ctraducción directa y literal del árabe por J.C. Mardrus ; versión española de Vicente Blasco Ibáñez ; prólogo de E. Gómez Carrillo.
260 _aValencia :
_bPrometeo,
_c[1916?]
300 _a23 v. :
_bil. ;
_c19 cm.
490 1 _aLibros célebres españoles y extranjeros
500 _aFaltan los vols. 6 y 16.
700 1 _aMardrus, Joseph Charles,
_d1868-1949
_9129474
700 1 _aBlasco Ibáñez, Vicente,
_d1867-1928
_929388
700 1 _aGómez Carrillo, Enrique,
_d1873-1927
_957861
830 1 0 _aLibros célebres españoles y extranjeros (Prometeo)
_9222846
852 _aES-MaACL
_jF-4820-42
999 _c169539
_d169539